000 00622cam a2200241ua 4500
001 8311
005 20260515114322.0
008 150128n ii |||gr||||Z||||||asm
020 _a9789381784013
040 _cMAIN
041 _aasm
082 _a370.15
100 1 _aChaliha, Beda Kr.,
_eAuthor.
245 1 2 _aSnatak mahalar siksha manobigyan
_cby Beda Kr. Chaliha
250 _a4th rev.
260 _aJorhat:
_bBidy bhawan,
_c2012-13.
300 _a523p.
653 _aEducation
653 _aEducational psychology
700 _aSaikia, Tarun,
_eAuthor.
700 _aSaikia, Runu Borah,
_eAuthor.
942 _cBK
999 _c7418
_d7418